| 000 | 00364nam a2200145Ia 4500 | ||
|---|---|---|---|
| 008 | 230917s9999||||xx |||||||||||||| ||und|| | ||
| 040 |
_e105421 _aMAIN |
||
| 041 | _aEnglish | ||
| 082 | _a153.7 M278P | ||
| 100 | _aMahmud, Jafar | ||
| 245 | 0 | _aPsychological perception | |
| 260 |
_aNew Delhi _bAPH Publishing Corporation _c2004 |
||
| 300 | _a156 p. | ||
| 942 | _cBK | ||
| 999 |
_c120919 _d120919 |
||